[Event "Open Nord 2015/2016"]
[Site "Meyreuil"]
[Date "2015.09.25"]
[Round "1.1"]
[White "Pelopidas, Florian"]
[Black "Jean, Nicolas"]
[Result "1-0"]
[WhiteElo "1470"]
[BlackElo "1915"]
[PlyCount "100"]

1. d4 Nf6 2. c4 e6 3. Nc3 d5 4. e3 c6 5. Nf3 Nbd7 6. cxd5 exd5 7. Bd3 Bb4 8.
O-O O-O 9. a3 Bd6 10. Qc2 c5 11. dxc5 Nxc5 12. b4 Nxd3 13. Qxd3 Bg4 14. Nd4 a6
15. Ra2 Rc8 16. Rd2 Qc7 17. h3 Qxc3 18. Qxc3 Rxc3 19. hxg4 Nxg4 20. Nf5 Be5 21.
Rxd5 Re8 22. Rfd1 Rcc8 23. Rd7 Rb8 24. f4 Bf6 25. Nd6 Re6 26. Nxf7 Bh4 27. Ng5
Bxg5 28. fxg5 b5 29. Bb2 Ne5 30. Rd8+ Rxd8 31. Rxd8+ Kf7 32. Bxe5 Rxe5 33. Rd6
Re6 34. Rd4 Kg6 35. Kf2 Kxg5 36. Rd7 Kf6 37. Rd4 Rc6 38. Rd3 h6 39. Kf3 Ke5 40.
g3 g6 41. e4 Rc4 42. Rd5+ Ke6 43. Rd3 Rc1 44. Ke3 g5 45. g4 Rg1 46. Kf3 Rf1+
47. Kg3 Rf4 48. Rc3 Kd6 49. Rf3 Ke5 50. Rxf4 gxf4+ 1-0

[Event "Open Nord 2015/2016"]
[Site "Meyreuil"]
[Date "2015.09.25"]
[Round "1.2"]
[White "Mamah, Isabelle"]
[Black "Amoros, Jean"]
[Result "1/2-1/2"]
[WhiteElo "1819"]
[BlackElo "1469"]
[PlyCount "160"]

1. e4 d5 2. exd5 Nf6 3. Nf3 Nxd5 4. d4 Bf5 5. c3 Nc6 6. Bc4 g6 7. a4 Bg7 8. a5
Bxb1 9. Rxb1 Nxa5 10. Qa4+ Nc6 11. Qb3 Na5 12. Qa4+ c6 13. Ba2 b5 14. Qc2 O-O
15. O-O e6 16. Bg5 Qd6 17. Rbe1 c5 18. dxc5 Qxc5 19. b4 Nxb4 20. Qb1 Nxa2 21.
Qxa2 Nc4 22. Rc1 a5 23. Bf4 a4 24. Bg3 a3 25. Nd4 Bxd4 26. cxd4 Qxd4 27. Rb1
Nb2 28. Rfe1 Rfe8 29. Be5 Qc4 30. Rxb2 axb2 31. Qxb2 Ra2 32. Qb1 Rd8 33. Rc1
Qd5 34. Bf6 Rda8 35. h3 h5 36. Qb4 Ra1 37. Qc3 Rxc1+ 38. Qxc1 Qf5 39. Qb2 Re8
40. Bd4 e5 41. Be3 Rb8 42. Qb4 Qd7 43. Qc5 f6 44. Qc2 Kg7 45. f4 exf4 46. Bf2
Rc8 47. Qb2 Qd5 48. Qe2 Qe5 49. Qf3 b4 50. Qb7+ Rc7 51. Qxb4 Rc1+ 52. Kh2 f3+
53. Bg3 fxg2 54. Qb7+ Kh6 55. Qxg2 Qc3 56. Bf4+ g5 57. Bxc1 Qxc1 58. Qb7 Kg6
59. Qe4+ Kh6 60. Qe7 Qf4+ 61. Kg2 h4 62. Qf8+ Kg6 63. Qc8 Kf7 64. Qd7+ Kg6 65.
Qc8 Qd2+ 66. Kf1 Qd5 67. Kg1 Qf7 68. Qa6 Kg7 69. Qa1 Qb3 70. Qa7+ Kg6 71. Qd7
Qg3+ 72. Kf1 Qf4+ 73. Kg1 f5 74. Qe6+ Kh5 75. Qf7+ Kh6 76. Qf6+ Kh5 77. Qf7+
Kh6 78. Qf6+ Kh7 79. Qf7+ Kh8 80. Qf8+ Kh7 1/2-1/2

[Event "Open Nord 2015/2016"]
[Site "Meyreuil"]
[Date "2015.09.25"]
[Round "1.3"]
[White "Bouriel, Michel"]
[Black "Andriamandimbisoa, Mathieu"]
[Result "0-1"]
[WhiteClub "CE Vitrolles"]
[BlackClub "L'Echiquier du Roy René"]
[WhiteElo "1465"]
[BlackElo "1727"]
[PlyCount "68"]

1. c4 e5 2. Nc3 Nc6 3. d3 Nf6 4. g3 Bb4 5. Qc2 d6 6. Bg2 O-O 7. Nf3 Be6 8. O-O
Qd7 9. Ng5 Bf5 10. a3 Bc5 11. b4 Bb6 12. Qa2 h6 13. Nf3 Bh3 14. b5 Ne7 15. Na4
Ba5 16. Rb1 Bxg2 17. Kxg2 Qg4 18. h3 Qg6 19. c5 Nfd5 20. Bb2 Rfe8 21. cxd6 cxd6
22. Nh4 Qh5 23. e4 Nf4+ 24. gxf4 Qxh4 25. fxe5 Ng6 26. Bc1 Nxe5 27. Qe2 Re6 28.
Bf4 Qxf4 29. f3 Rg6+ 30. Kh1 Qh4 31. Qh2 Rg3 32. Qf2 Rxh3+ 33. Kg1 Rh1+ 34. Kg2
Qh3# 0-1

[Event "Open Nord 2015/2016"]
[Site "Meyreuil"]
[Date "2015.09.25"]
[Round "1.4"]
[White "Salvi, Michel"]
[Black "Hidreau, Olivier"]
[Result "1/2-1/2"]
[WhiteElo "1701"]
[BlackElo "1440"]
[PlyCount "118"]

1. e4 e6 2. d4 d5 3. Nd2 c5 4. exd5 exd5 5. dxc5 Bxc5 6. Nb3 Bb6 7. Bd2 Nc6 8.
Nf3 Nf6 9. Bd3 O-O 10. O-O Bg4 11. a4 a5 12. h3 Bh5 13. Bg5 Qd6 14. Nbd2 h6 15.
Bxf6 Qxf6 16. Qe1 Bg6 17. Bb5 Nd4 18. Nxd4 Bxd4 19. c3 Bb6 20. Nf3 Be4 21. Be2
Rfe8 22. Qd2 Rad8 23. Rad1 Qd6 24. Nd4 Bc7 25. g3 Bb6 26. Rfe1 Qg6 27. Kh2 Qf6
28. Rf1 Bc7 29. f3 Qd6 30. Qe1 Bg6 31. Qf2 f5 32. Bb5 Re7 33. Rfe1 Rxe1 34.
Rxe1 Bb6 35. Re6 Qxe6 36. Nxe6 Bxf2 37. Nxd8 b6 38. Kg2 Be3 39. f4 Bf7 40. Nc6
Kf8 41. Kf3 Bc5 42. b4 axb4 43. cxb4 Bd6 44. a5 bxa5 45. bxa5 Be8 46. a6 Bxc6
47. Bxc6 Bc5 48. Bxd5 Ke7 49. g4 fxg4+ 50. hxg4 Kd6 51. Ke4 Bb6 52. Bb7 Bc5 53.
Kf5 Kc7 54. Kg6 Bd4 55. Kf7 Kb8 56. Ke7 Ka7 57. Kf8 Bc3 58. Kf7 Bd4 59. Kg6 Bc3
1/2-1/2

[Event "Open Nord 2015/2016"]
[Site "Meyreuil"]
[Date "2015.09.25"]
[Round "1.5"]
[White "Lupinacci, Patrick"]
[Black "Vialette, Eric"]
[Result "0-1"]
[WhiteElo "1440"]
[BlackElo "1686"]
[PlyCount "104"]

1. Nf3 Nf6 2. c4 g6 3. d4 Bg7 4. Nc3 O-O 5. e4 d6 6. Be2 c5 7. O-O cxd4 8. Nxd4
Nc6 9. Be3 Bd7 10. Bf3 Qc8 11. Be2 Ne5 12. b3 Nfg4 13. Nd5 Re8 14. Bf4 Nc6 15.
Nxc6 bxc6 16. Nxe7+ Rxe7 17. Bxd6 Rxe4 18. Qc2 Rxe2 19. Qxe2 Bxa1 20. Rxa1 Qb7
21. Qb2 Re8 22. h3 Re6 23. c5 Nf6 24. Be5 Ne8 25. Rd1 f6 26. Bg3 Kf7 27. Qd2
Re7 28. Qf4 Bf5 29. Qc4+ Kg7 30. Qc3 Nc7 31. Bd6 Nd5 32. Qa5 Re8 33. g4 Bc8 34.
Qd2 Qb4 35. Qd3 Re1+ 36. Rxe1 Qxe1+ 37. Kg2 Nc3 38. Qg3 Be6 39. Qe3 Qxe3 40.
fxe3 Nxa2 41. e4 Bxb3 42. e5 fxe5 43. Bxe5+ Kf7 44. Kf3 Ke6 45. Ke4 Bc2+ 46.
Kd4 a5 47. Bd6 a4 48. Kc4 Bb3+ 49. Kd4 Nc1 50. Be5 Ne2+ 51. Ke4 Bd5+ 52. Ke3
Kxe5 0-1

[Event "Open Nord 2015/2016"]
[Site "Meyreuil"]
[Date "2015.09.25"]
[Round "1.6"]
[White "Tchifteyan, Philippe"]
[Black "Ribelles, Anthony"]
[Result "1-0"]
[WhiteElo "1685"]
[BlackElo "1415"]
[PlyCount "75"]

1. d4 Nf6 2. c4 c5 3. d5 e6 4. Nc3 exd5 5. cxd5 d6 6. e4 g6 7. Bg5 h6 8. Bf4
Nh5 9. Be3 Bg7 10. Qd2 a6 11. Bd3 b5 12. Nge2 Nd7 13. O-O Ne5 14. f3 Qh4 15.
Bf2 Qg5 16. Be3 Qh4 17. Rab1 Bd7 18. b4 c4 19. Bc2 Qe7 20. a4 Nf6 21. Nd4 h5
22. axb5 axb5 23. Ncxb5 Bxb5 24. Nxb5 h4 25. Ra1 Rd8 26. Ra7 Nfd7 27. Bd4 Bh6
28. Nc7+ Kf8 29. Qc3 Bf4 30. Be3 Qg5 31. Bxf4 Qxf4 32. Nb5 Nf6 33. Bd1 Nh5 34.
Rf2 Ng3 35. Be2 Kg8 36. h3 Nxe2+ 37. Rxe2 Nd3 38. Qxc4 1-0

[Event "Open Nord 2015/2016"]
[Site "Meyreuil"]
[Date "2015.09.25"]
[Round "1.7"]
[White "Lemarchand, Fabien"]
[Black "Cens, Alain"]
[Result "1-0"]
[WhiteElo "1399"]
[BlackElo "1670"]
[PlyCount "61"]

1. e4 d5 2. exd5 Nf6 3. Nf3 Nxd5 4. c4 Nf6 5. d4 Bg4 6. h3 Bh5 7. Nc3 e6 8. g4
Bg6 9. Ne5 Bb4 10. Qa4+ Nc6 11. Nxc6 Bxc3+ 12. bxc3 bxc6 13. Qxc6+ Kf8 14. Ba3+
Kg8 15. Bg2 Rb8 16. O-O h5 17. g5 Nd7 18. h4 Kh7 19. Be4 Bxe4 20. Qxe4+ g6 21.
Rab1 Nb6 22. Qf4 Kg7 23. Qe5+ Kh7 24. Rb4 Qd6 25. Qe3 Qd7 26. Qe5 Qd6 27. Qf6
Qd7 28. Qe5 Qd6 29. Qe2 Qd7 30. Rb5 Rhe8 31. Re1 1-0

[Event "Open Nord 2015/2016"]
[Site "Meyreuil"]
[Date "2015.09.25"]
[Round "1.8"]
[White "Mignemi, Denis"]
[Black "Pietrac, Christian"]
[Result "1-0"]
[WhiteElo "1607"]
[BlackElo "1232"]
[PlyCount "103"]

1. d4 Nf6 2. c4 g6 3. Nc3 Bg7 4. f3 d6 5. e4 O-O 6. Bd3 Nbd7 7. Be3 e5 8. d5 c6
9. Nge2 Kh8 10. O-O Ng8 11. Ng3 Bh6 12. Qd2 Bxe3+ 13. Qxe3 Nc5 14. Bc2 a5 15.
Rad1 Qd7 16. Na4 Nxa4 17. Bxa4 b5 18. dxc6 Qxc6 19. Bxb5 Qc5 20. Qxc5 dxc5 21.
Rd5 a4 22. Rxe5 Be6 23. Rd1 Rfd8 24. Rxd8 Rxd8 25. Rxc5 Rd2 26. Bxa4 Rxb2 27.
Bb3 Rb1+ 28. Kf2 Rb2+ 29. Ne2 Nf6 30. Ke3 Kg7 31. g4 Nd7 32. Rc7 Rb1 33. Nf4
Nf8 34. Nxe6+ Nxe6 35. Rc8 Rh1 36. c5 Rxh2 37. Bxe6 fxe6 38. a4 Rb2 39. c6 Rb3+
40. Kf4 h6 41. c7 Rc3 42. a5 Kf7 43. a6 Ra3 44. Rd8 g5+ 45. Kg3 Rxa6 46. c8=Q
Ra7 47. Rd7+ Rxd7 48. Qxd7+ Kf6 49. Qh7 Ke5 50. Qxh6 Kd4 51. Qxg5 e5 52. Qf5
1-0

[Event "Open Nord 2015/2016"]
[Site "Meyreuil"]
[Date "2015.09.25"]
[Round "1.9"]
[White "Person, Claude"]
[Black "Corrias, Robert"]
[Result "0-1"]
[WhiteElo "1210"]
[BlackElo "1600"]
[PlyCount "124"]

1. e4 Nc6 2. d4 d5 3. e5 Bf5 4. a3 e6 5. Nf3 Nge7 6. Nh4 Bg6 7. Nxg6 hxg6 8.
Bb5 Qd7 9. Nc3 a6 10. Be2 Nf5 11. Be3 O-O-O 12. Qd2 Be7 13. g3 f6 14. f4 Nxg3
15. Rg1 Nxe2 16. Qxe2 Rh6 17. O-O-O Rdh8 18. Rg2 f5 19. Rh1 Na5 20. Bf2 Nc4 21.
Bg3 R8h7 22. Qe1 g5 23. Kb1 g4 24. Qc1 Qc6 25. Ka2 Nxa3 26. bxa3 Qxc3 27. Qb2
Qc4+ 28. Ka1 c5 29. Rd2 Rh3 30. Rdd1 Qa4 31. dxc5 Bxc5 32. Rd3 g6 33. Rc3 Qd4
34. Rd3 Qe4 35. Re1 Qc4 36. Qc3 Qxc3+ 37. Rxc3 Rc7 38. Kb2 Bd4 39. Ree3 Rxc3
40. Rxc3+ Kd7 41. Kb3 Bxc3 42. Kxc3 Kc6 43. Kd4 Kb5 44. Kc3 Ka4 45. Kb2 Rh7 46.
c3 Rc7 47. Bf2 Kb5 48. Kb3 Rc4 49. Be3 a5 50. Bd4 Ra4 51. Be3 Re4 52. Bd2 a4+
53. Kc2 Kc4 54. Bc1 Re2+ 55. Bd2 Rxh2 56. Kd1 Kd3 57. Be1 Rh1 58. Kc1 Rxe1+ 59.
Kb2 Re2+ 60. Kc1 Kxc3 61. Kb1 d4 62. Ka1 Kb3 0-1

[Event "Open Nord 2015/2016"]
[Site "Meyreuil"]
[Date "2015.09.25"]
[Round "1.10"]
[White "Scamaroni, Jean-Paul"]
[Black "Fastier, Adrien"]
[Result "1/2-1/2"]
[WhiteElo "1600"]
[BlackElo "1199"]
[PlyCount "87"]

1. d4 Nf6 2. c4 e6 3. Nc3 Bb4 4. Qc2 O-O 5. a3 Be7 6. e4 d6 7. Bd3 e5 8. d5
Nbd7 9. b4 c5 10. b5 a6 11. Nge2 axb5 12. Nxb5 Nb6 13. O-O Bd7 14. f4 Bxb5 15.
cxb5 Nc8 16. fxe5 dxe5 17. Bb2 Nd7 18. Bc4 Nd6 19. a4 b6 20. Ng3 g6 21. Rf3 f6
22. Raf1 Rf7 23. Bc1 Bf8 24. Nh1 Bg7 25. Nf2 h5 26. g4 Kf8 27. gxh5 gxh5 28.
Nh3 Ke8 29. Bb3 Ke7 30. Qe2 Qg8 31. Rg3 Qh7 32. Bc2 Bh6 33. Bxh6 Qxh6 34. Qf2
Raf8 35. Rf3 Rg8+ 36. Kh1 Rg4 37. Qe2 Rfg7 38. R3f2 Rh4 39. Qf3 Rhg4 40. Bb1
R7g6 41. Ng1 Qg7 42. Ne2 h4 43. h3 R4g5 44. Bc2 1/2-1/2

[Event "Open Nord 2015/2016"]
[Site "Meyreuil"]
[Date "2015.09.25"]
[Round "1.11"]
[White "Cortes, Maria"]
[Black "Schiano-Lomoriello, Didier"]
[Result "0-1"]
[WhiteElo "1158"]
[BlackElo "1580"]
[PlyCount "80"]

1. d3 d5 2. Nf3 Nc6 3. Nc3 e5 4. Bd2 Nf6 5. a3 Bc5 6. e3 O-O 7. Be2 Bg4 8. O-O
Qd7 9. Nb5 Rfe8 10. c4 d4 11. e4 a6 12. Qb3 axb5 13. Qxb5 b6 14. Bg5 Na7 15.
Qxd7 Nxd7 16. Rfe1 Be7 17. Bh4 Bxf3 18. Bxe7 Bxe2 19. Bh4 Bxd3 20. b3 Nc5 21.
Bg5 Nxe4 22. Bc1 Nc3 23. Bb2 Ne2+ 24. Kh1 e4 25. Rad1 c5 26. b4 Nc6 27. b5 Ne5
28. h3 Nxc4 29. Rxe2 Bxe2 30. Rb1 Nxb2 31. Rxb2 d3 32. g4 c4 33. Ra2 c3 34. Kh2
c2 35. Ra1 d2 36. Kg3 d1=Q 37. Rxd1 cxd1=Q 38. Kh4 Rxa3 39. f4 f6 40. Kh5 Rxh3#
0-1

[Event "Open Nord 2015/2016"]
[Site "Meyreuil"]
[Date "2015.09.25"]
[Round "1.12"]
[White "Graells, Christian"]
[Black "Schoeni, Christine"]
[Result "1-0"]
[WhiteElo "1565"]
[BlackElo "1120"]
[PlyCount "31"]

1. e4 e5 2. Nf3 Nc6 3. Bb5 Be7 4. O-O a6 5. Ba4 h6 6. c3 Nf6 7. Bc2 O-O 8. d4
d6 9. d5 Nb8 10. h3 Nfd7 11. b4 Nb6 12. Qd3 Bd7 13. Nbd2 c6 14. Nh2 cxd5 15.
exd5 Bb5 16. Qh7# 1-0

[Event "Open Nord 2015/2016"]
[Site "Meyreuil"]
[Date "2015.09.25"]
[Round "1.13"]
[White "Salvi, Angele"]
[Black "Perdiolat, Francis"]
[Result "0-1"]
[WhiteElo "1030"]
[BlackElo "1516"]
[PlyCount "78"]

1. e4 d6 2. Nf3 Nf6 3. Nc3 g6 4. d4 Bg7 5. Be2 O-O 6. h3 b6 7. Be3 Bb7 8. Qd3
Nbd7 9. O-O-O a5 10. a4 c6 11. Qd2 Re8 12. g4 Nb8 13. e5 Nd5 14. Nxd5 cxd5 15.
e6 fxe6 16. Ng5 Qd7 17. b3 Ba6 18. c4 dxc4 19. Bxc4 Bxc4 20. bxc4 Qxa4 21. Qd3
Rc8 22. Kd2 Qxc4 23. Rc1 Qxd3+ 24. Kxd3 Rxc1 25. Rxc1 Na6 26. Nxe6 b5 27. Nxg7
Kxg7 28. Kc3 Rc8+ 29. Kb2 Rxc1 30. Bxc1 e6 31. f4 Nb4 32. Kc3 Na2+ 33. Kb2 Nxc1
34. Kxc1 b4 35. Kb2 a4 36. h4 Kf6 37. Kc2 a3 38. Kb3 h6 39. f5 exf5 0-1

[Event "Open Nord 2015/2016"]
[Site "Meyreuil"]
[Date "2015.09.25"]
[Round "1.14"]
[White "Andonian, Pierre"]
[Black "Renoulet, Francoise"]
[Result "1-0"]
[WhiteElo "1495"]
[BlackElo "1020"]
[PlyCount "64"]

1. f4 b6 2. Nf3 Bb7 3. e3 Nf6 4. b3 d6 5. Bb2 Nbd7 6. Bd3 Nc5 7. Be2 e6 8. O-O
Be7 9. Qe1 h6 10. Bb5+ c6 11. Be2 Qc7 12. h3 Ncd7 13. g4 O-O-O 14. Bd4 e5 15.
fxe5 dxe5 16. Nxe5 Nxe5 17. Qg3 Bd6 18. g5 hxg5 19. Rf5 Ng6 20. Qxg5 Rxh3 21.
Bxf6 Rg3+ 22. Kf2 Rxg5 23. Rxg5 gxf6 24. Bg4+ Kb8 25. Rf5 Bg3+ 26. Ke2 Bh4 27.
Nc3 Ba6+ 28. d3 Qh2+ 29. Kf3 Qg3+ 30. Ke4 Re8+ 31. Kd4 Qd6+ 32. Nd5 Qc5# 0-1

[Event "Open Nord 2015/2016"]
[Site "Meyreuil"]
[Date "2015.09.25"]
[Round "1.15"]
[White "Vacher Coponat, Sebastien"]
[Black "Marcant, Jean-Marc"]
[Result "1-0"]
[WhiteElo "1520"]
[BlackElo "1399"]
[PlyCount "57"]

1. e4 e5 2. Nf3 Nc6 3. Bb5 a6 4. Ba4 b5 5. Bb3 Nf6
6. O-O Be7 7. Re1 O-O 8. c3 d5 9. exd5 Nxd5 10. Nxe5 Nxe5 11. Rxe5 c6 12. d3
Bf6 13. Re2 Re8 14. Bxd5 cxd5 15. d4 Bf5 16. Bf4 Qd7 17. Nd2 Bd3 18. Rxe8+ Rxe8
19. Be3 Qf5 20. Nb3 Be4 21. Nc5 Qg6 22. Nxe4 Rxe4 23. a4 h6 24. axb5 axb5 25.
Ra5 Bg5 26. Rxb5 Bxe3 27. fxe3 Qe6 28. Qd3 Rxe3 29. Rb8+ 1-0

[Event "Open Nord 2015/2016"]
[Site "Meyreuil"]
[Date "2015.10.09"]
[Round "2.1"]
[White "Andriamandimbisoa, Mathieu"]
[Black "Graells, Christian"]
[Result "0-1"]
[WhiteElo "1727"]
[BlackElo "1565"]
[PlyCount "86"]

1. d4 Nf6 2. Nf3 g6 3. c4 e6 4. g3 Bg7 5. Bg2 O-O 6. O-O d5 7. Nc3 c6 8. Bf4
Nbd7 9. Bd6 Re8 10. Ne5 Nxe5 11. dxe5 Ng4 12. Qd4 Qg5 13. h4 Bxe5 14. Bxe5 Qxe5
15. Qxg4 d4 16. Nd1 Qc5 17. Rc1 e5 18. Qg5 Be6 19. h5 Rf8 20. Qf6 gxh5 21. Be4
Bh3 22. Qg5+ Kh8 23. Bxh7 Kxh7 24. Qxh5+ Kg7 25. Qxh3 Rh8 26. Qg4+ Kf6 27. b4
Qf8 28. f4 e4 29. Qg5+ Ke6 30. Qe5+ Kd7 31. Qxd4+ Kc7 32. Qe5+ Kd7 33. Ne3 Re8
34. Rfd1+ Kc8 35. Qd6 Qg7 36. Qd7+ Kb8 37. Qg4 Qh6 38. Qh4 Qg6 39. Qg5 Qh7 40.
Ng4 Qh1+ 41. Kf2 e3+ 42. Nxe3 Rh2+ 43. Ng2 Qxg2+ 0-1

[Event "Open Nord 2015/2016"]
[Site "Meyreuil"]
[Date "2015.10.09"]
[Round "2.2"]
[White "Vialette, Eric"]
[Black "Andonian, Pierre"]
[Result "1-0"]
[WhiteElo "1686"]
[BlackElo "1495"]
[PlyCount "72"]

1. e4 c5 2. d4 cxd4 3. c3 Nf6 4. e5 Nd5 5. cxd4 e6 6. Nf3 Nc6 7. Bc4 Bb4+ 8.
Bd2 Nb6 9. Be2 d5 10. O-O Bxd2 11. Qxd2 Bd7 12. Nc3 O-O 13. b3 f6 14. Bb5 fxe5
15. Bxc6 Bxc6 16. Nxe5 Be8 17. Rae1 Qd6 18. Re3 Rf6 19. Rh3 Bg6 20. f4 Rc8 21.
Re3 Be4 22. Nxe4 dxe4 23. Rxe4 Nd5 24. Rc1 Rcf8 25. g3 Rf5 26. Rce1 R5f6 27. h4
Ne7 28. Kh2 Nf5 29. Qc3 Qa6 30. Nd7 Rg6 31. Nxf8 Kxf8 32. Qc8+ Kf7 33. Qc7+ Ne7
34. R1e2 Qd3 35. f5 Rg4 36. fxe6+ Kg6 1-0

[Event "Open Nord 2015/2016"]
[Site "Meyreuil"]
[Date "2015.10.09"]
[Round "2.3"]
[White "Perdiolat, Francis"]
[Black "Tchifteyan, Philippe"]
[Result "0-1"]
[WhiteElo "1516"]
[BlackElo "1685"]
[PlyCount "118"]

1. e4 e5 2. Bc4 Nc6 3. Nf3 Be7 4. O-O d6 5. a3 Bg4 6. c3 Nf6 7. d3 O-O 8. Nbd2
Nh5 9. h3 Bxf3 10. Nxf3 Nf4 11. d4 Ng6 12. d5 Nb8 13. Qb3 Qc8 14. a4 f5 15. Bd3
f4 16. a5 Kh8 17. Ra4 Nh4 18. Qd1 g5 19. Nxh4 gxh4 20. Be2 Rg8 21. Bg4 Qe8 22.
Rb4 b6 23. Rc4 Qd8 24. b4 Nd7 25. Qa4 Nf6 26. Be6 Rg7 27. f3 h5 28. Qc6 Bf8 29.
Bd2 a6 30. axb6 cxb6 31. b5 a5 32. Be1 Ne8 33. Bxh4 Qb8 34. Bd7 Be7 35. Bf2 Nf6
36. Be6 Bd8 37. Qc8 Qa7 38. Qa6 Qxa6 39. bxa6 Rc7 40. Rxc7 Bxc7 41. Rb1 Rxa6
42. Bc8 Ra8 43. Bb7 Rb8 44. Bc6 Kg7 45. g4 fxg3 46. Bxg3 Kg6 47. h4 Kf7 48. c4
Ke7 49. Kf2 Ng8 50. f4 exf4 51. Bxf4 Nf6 52. Bg5 Kf7 53. Kg3 Nxe4+ 54. Kf4 Nxg5
55. Kxg5 Rh8 56. Rf1+ Kg7 57. Re1 Bd8+ 58. Kf5 Bxh4 59. Ke6 Bxe1 0-1

[Event "Open Nord 2015/2016"]
[Site "Meyreuil"]
[Date "2015.10.09"]
[Round "2.4"]
[White "Marcant, Jean-Marc"]
[Black "Mignemi, Denis"]
[Result "0-1"]
[WhiteElo "1399"]
[BlackElo "1607"]
[PlyCount "46"]

1. e4 d5 2. exd5 Qxd5 3. Nc3 Qa5 4. Nf3 Nf6 5. d4 c6 6. Bd2 Qc7 7. Bd3 Bg4 8.
h3 Bh5 9. Be2 e6 10. Ne5 Bxe2 11. Qxe2 Bd6 12. O-O-O Nbd7 13. f4 Rf8 14. g4
O-O-O 15. g5 Nd5 16. Qh5 Nxc3 17. Bxc3 f6 18. Nf7 Bxf4+ 19. Kb1 Rde8 20. g6
hxg6 21. Qxg6 Nb6 22. Rhf1 Nd5 23. Ba5 b6 0-1

[Event "Open Nord 2015/2016"]
[Site "Meyreuil"]
[Date "2015.10.09"]
[Round "2.5"]
[White "Corrias, Robert"]
[Black "Pelopidas, Florian"]
[Result "1-0"]
[WhiteElo "1600"]
[BlackElo "1470"]
[PlyCount "93"]

1. Nf3 Nf6 2. d4 g6 3. Nc3 d5 4. Bf4 Bg7 5. e3 c6 6. Bd3 O-O 7. Qe2 Qb6 8. Rb1
Bg4 9. O-O Qd8 10. h3 Bxf3 11. Qxf3 Nbd7 12. a4 Nh5 13. Bh2 e5 14. dxe5 Nxe5
15. Bxe5 Bxe5 16. Rfd1 Bxc3 17. bxc3 Rb8 18. c4 Qf6 19. Qxf6 Nxf6 20. cxd5 Nxd5
21. Rb3 b6 22. Be4 Rfd8 23. Rd4 Ne7 24. Rbd3 Rxd4 25. Rxd4 Rb7 26. g4 Rc7 27.
c4 c5 28. Rd6 Kg7 29. g5 Nc8 30. Rd8 f6 31. f4 fxg5 32. fxg5 Ne7 33. Kf2 Ng8
34. Ke2 h6 35. h4 hxg5 36. hxg5 Ne7 37. Kd3 Kf7 38. Bd5+ Nxd5 39. cxd5 Ke7 40.
Rh8 Kd6 41. e4 a6 42. Kc4 Ke5 43. Re8+ Kd6 44. e5+ Kd7 45. Rg8 b5+ 46. axb5
axb5+ 47. Kxb5 1-0

[Event "Open Nord 2015/2016"]
[Site "Meyreuil"]
[Date "2015.10.09"]
[Round "2.6"]
[White "Schiano-Lomoriello, Didier"]
[Black "Lemarchand, Fabien"]
[Result "1-0"]
[WhiteElo "1580"]
[BlackElo "1399"]
[PlyCount "65"]

1. e4 c5 2. Nf3 Nc6 3. d4 cxd4 4. Nxd4 Nf6 5. Nc3 e5 6. Ndb5 d6 7. Bg5 a6 8.
Bxf6 gxf6 9. Na3 f5 10. Qh5 b5 11. exf5 b4 12. Bc4 d5 13. Bxd5 Qc7 14. Ne4 Bb7
15. Nc4 O-O-O 16. O-O-O Nd4 17. Bxb7+ Kxb7 18. b3 a5 19. f6 a4 20. Rhe1 axb3
21. axb3 Rd5 22. f4 Rg8 23. g3 Rg6 24. fxe5 Rh6 25. Ned6+ Kb8 26. Qxf7 Qxf7 27.
Nxf7 Rxh2 28. Rd2 Rxd2 29. Nxd2 Rd7 30. Re4 Ne6 31. Nd6 Bxd6 32. exd6 Rxd6 33.
f7 1-0

[Event "Open Nord 2015/2016"]
[Site "Meyreuil"]
[Date "2015.10.09"]
[Round "2.7"]
[White "Hidreau, Olivier"]
[Black "Mamah, Isabelle"]
[Result "1/2-1/2"]
[WhiteElo "1440"]
[BlackElo "1793"]
[PlyCount "93"]

1. e4 c5 2. c3 g6 3. d4 cxd4 4. cxd4 d5 5. e5 Bg7 6. Nf3 Bg4 7. Nbd2 Nc6 8. h3
Bxf3 9. Nxf3 e6 10. Be2 Nge7 11. O-O O-O 12. g4 Qb6 13. b3 Rac8 14. Be3 Nb4 15.
Ne1 f5 16. exf6 Bxf6 17. a3 Nbc6 18. Nf3 Na5 19. Rb1 Rc3 20. b4 Nc4 21. Bxc4
Rxc4 22. Ne5 Bxe5 23. dxe5 Qc7 24. f4 Rc8 25. Rc1 b5 26. Bc5 a6 27. Rxc4 bxc4
28. Rf3 Nc6 29. Rc3 a5 30. Qa1 Ra8 31. Qb2 axb4 32. axb4 Ra4 33. Ra3 Rxa3 34.
Qxa3 d4 35. b5 d3 36. bxc6 Qxc6 37. Be3 Qf3 38. Bf2 Qxf4 39. Qa8+ Kg7 40. Qa7+
Qf7 41. Qxf7+ Kxf7 42. Be3 Ke7 43. Bd2 Kd7 44. Kf2 Kc6 45. Ke3 Kd5 46. Bc3 g5
47. Bb2 1/2-1/2

[Event "Open Nord 2015/2016"]
[Site "Meyreuil"]
[Date "2015.10.09"]
[Round "2.8"]
[White "Fastier, Adrien"]
[Black "Salvi, Michel"]
[Result "0-1"]
[WhiteElo "1199"]
[BlackElo "1706"]
[PlyCount "58"]

1. d4 Nf6 2. c4 g6 3. Nf3 Bg7 4. g3 O-O 5. Bg2 d6 6. O-O c6 7. Nc3 Bf5 8. Re1
Qc8 9. h3 Bxh3 10. e4 Bxg2 11. Kxg2 Ng4 12. Rh1 f5 13. e5 dxe5 14. d5 Nd7 15.
b4 Ndf6 16. Qe2 cxd5 17. cxd5 Qxc3 18. Bb2 Qxb4 19. Bxe5 Qe4 20. Rae1 Nxe5 21.
Qxe4 Nxe4 22. Nxe5 Bxe5 23. f3 Bxg3 24. Rxe4 fxe4 25. Kxg3 Rxf3+ 26. Kg4 Raf8
27. Rc1 Kg7 28. d6 R8f4+ 29. Kg5 h6# 0-1

[Event "Open Nord 2015/2016"]
[Site "Meyreuil"]
[Date "2015.10.09"]
[Round "2.9"]
[White "Amoros, Jean"]
[Black "Scamaroni, Jean-Paul"]
[Result "1-0"]
[WhiteElo "1469"]
[BlackElo "1600"]
[PlyCount "79"]

1. e4 c5 2. d4 cxd4 3. c3 d5 4. Qa4+ Nc6 5. Bb5 Bd7 6. exd5 Nb8 7. Bxd7+ Qxd7
8. Qxd4 Nf6 9. c4 e6 10. Nc3 Bb4 11. Nf3 Bxc3+ 12. bxc3 exd5 13. Ba3 Nc6 14.
Qe3+ Qe6 15. Qxe6+ fxe6 16. cxd5 exd5 17. O-O O-O-O 18. Nd4 Nxd4 19. cxd4 Kb8
20. f3 Rhe8 21. Rfe1 Rc8 22. Bd6+ Ka8 23. Be5 a6 24. a4 b6 25. g4 Re7 26. Bxf6
Rxe1+ 27. Rxe1 gxf6 28. Re6 Rc4 29. Rxb6 Rxa4 30. Rxf6 a5 31. Rd6 Rxd4 32. Ra6+
Kb7 33. Rxa5 Rd1+ 34. Kf2 Kb6 35. Ke2 Rd4 36. Ra3 Kc5 37. Ke3 Rc4 38. h4 d4+
39. Kd3 Kb4 40. Ra4+ 1-0

[Event "Open Nord 2015/2016"]
[Site "Meyreuil"]
[Date "2015.10.09"]
[Round "2.10"]
[White "Jean, Nicolas"]
[Black "Person, Claude"]
[Result "1-0"]
[WhiteElo "1915"]
[BlackElo "1217"]
[PlyCount "51"]

1. e4 c5 2. Nf3 d6 3. Bb5+ Bd7 4. Bxd7+ Nxd7 5. O-O Ngf6 6. Qe2 e5 7. c3 Be7 8.
d4 O-O 9. b3 b6 10. Bb2 h6 11. Nbd2 Nh5 12. g3 g5 13. Nxe5 Nhf6 14. Nc6 Qe8 15.
e5 Nd5 16. Rfe1 f5 17. Qc4 Qf7 18. e6 Qe8 19. exd7 Qxd7 20. Qxd5+ Kh8 21. Rxe7
Qxe7 22. Nxe7 Rf6 23. dxc5 Rd8 24. c4 Kg7 25. Qxf5 Rdf8 26. Qg6+ 1-0

[Event "Open Nord 2015/2016"]
[Site "Meyreuil"]
[Date "2015.10.09"]
[Round "2.11"]
[White "Cens, Alain"]
[Black "Cortes, Maria"]
[Result "1-0"]
[WhiteElo "1670"]
[BlackElo "1158"]
[PlyCount "47"]

1. e4 e6 2. Nc3 Be7 3. d4 c6 4. Bd3 Nf6 5. f4 a6 6. Nf3 b5 7. O-O Ng4 8. Ng5
Nxh2 9. Kxh2 Bxg5 10. fxg5 f6 11. gxf6 Qc7+ 12. Bf4 d6 13. fxg7 Qxg7 14. e5 d5
15. Qh5+ Kd7 16. Bh6 Qe7 17. Rf7 Re8 18. Bg5 Kc7 19. Bxe7 Bd7 20. Bc5 a5 21.
Qxh7 b4 22. Na4 Kb7 23. Rxd7+ Kc8 24. Nb6# 1-0

[Event "Open Nord 2015/2016"]
[Site "Meyreuil"]
[Date "2015.10.09"]
[Round "2.12"]
[White "Husson, Etienne"]
[Black "Vacher Coponat, Sebastien"]
[Result "0-1"]
[WhiteElo "1090"]
[BlackElo "1520"]
[PlyCount "59"]

1. d4 Nf6 2. c4 g6 3. Nc3 d5 4. e3 Bg7 5. Bd3 O-O 6. Qb3 c6 7. cxd5 Nxd5 8. Bc4
Nb6 9. Be2 e5 10. dxe5 Bxe5 11. Nf3 Be6 12. Qc2 Bg7 13. O-O Nd5 14. Rd1 Qe7 15.
Nd4 Nxc3 16. bxc3 Qf6 17. Ba3 Re8 18. Rd2 Bd5 19. c4 Be4 20. Qb3 Qg5 21. Nf3
Bxf3 22. Bxf3 Bxa1 23. Qxb7 Rxe3 24. Qc8+ Kg7 25. Bf8+ Kf6 26. Rd6+ Re6 27.
Qd8+ Kf5 28. g4+ Kf4 29. Qxg5+ Kxg5 30. Rd8 0-1